| 000 | 00777cab a2200229 4500 | ||
|---|---|---|---|
| 001 | WB2838-05 | ||
| 008 | 090401t1992 xxu||||| |||| 00| 0 eng d | ||
| 035 | _a(Sirsi) u26069 | ||
| 041 | _aeng | ||
| 245 | _aEconometric research | ||
| 260 | _c1992 | ||
| 350 | _a0 | ||
| 490 |
_aRICS Press Release _v(PR123/92) 29 September 1992 (2) |
||
| 520 | _aThe RICS has commissioned the University of Reading, Cambridge Econometrics and Gardiner and Theobald to undertake major research into a computer-based tool for estimating the implication of construction demand on the industry. | ||
| 650 | _aCOMPUTER MODELS | ||
| 650 | _aCONSTRUCTION MARKET | ||
| 650 | _aFORECASTS | ||
| 650 | _aSUPPLY AND DEMAND | ||
| 690 | _aBUILT ENVIRONMENT | ||
| 942 | _n0 | ||
| 948 | _c04/03/1997 | ||
| 999 |
_c17496 _d17496 |
||